000 00799nam a2200229 i 4500
001 186539
003 ES-MaACL
005 20260525062938.0
008 161123s1952 ag |||| |bspa d
080 _a929 Séneca, Lucio Anneo
100 1 _aDiderot, Denis,
_d1713-1784
_944511
245 1 0 _aVida de Séneca /
_cDiderot ; [traducción del francés por Antonio Dorta].
250 _a1ª ed. popular para la Colección austral.
260 _aBuenos Aires :
_bEspasa Calpe Argentina,
_c1952.
300 _a212 p. ;
_c18 cm.
490 1 _aColección austral ;
_v1112
600 1 4 _aSéneca, Lucio Anneo.
_9105451
700 1 _aDorta, Antonio.
_945440
830 0 _aColección austral
_v1112
_9177655
852 _aES-MaACL
_jL-30884
_z. - Donat. Miguel A. Velasco
999 _c186539
_d186539